Yo, Claudio / (Registro nro. 46462)
[ vista simple ]
| 000 -CABECERA | |
|---|---|
| Longitud fija campo de control | 00833nam a2200241Ii 4500 |
| 005 - FECHA Y HORA DE LA ULTIMA TRANSACCION | |
| Fecha y hora de la última transacción | 20250919135325.0 |
| 008 - CODIGOS DE INFORMACION DE LONGITUD FIJA | |
| Códigos de información de longitud fija | 241108s9999||||xx |||||||||||||| ||und|| |
| 040 ## - FUENTE DE LA CATALOGACION | |
| Centro catalogador de origen | CO-ViMGA |
| Lengua de catalogación | spa |
| Normas de descripción | rda |
| Centro transcriptor | CO-ViMGA |
| 084 ## - Clasificación Local Alfanúmerica PNLB | |
| Número de clasificación | N GRA3y |
| 100 1# - PUNTO DE ACCESO PRINCIPAL-NOMBRE DE PERSONA | |
| Nombre de persona | Graves, Robert |
| Fechas asociadas al nombre | 1895-1985 |
| Término indicativo de función | autor |
| 245 10 - TITULO PROPIAMENTE DICHO | |
| Título | Yo, Claudio / |
| Mención de responsabilidad, etc. | Robert Graves ; tradución Floreal Mazía |
| 264 #1 - PRODUCCION, PUBLICACION , DISTRIBUCION, FABRICACION Y COPYRIGHT | |
| Lugar de producción, publicación, distribución, fabricación | Bogotá, Colombia : |
| Nombre del productor, editor, distribuidor, fabricante | Círculo de Lectores, |
| Fecha de de producción, publicación, distribución, fabricación o copyright | 1981 |
| 300 ## - DESCRIPCION FISICA | |
| Extensión | 507 páginas |
| Dimensiones | 20 cm. |
| 336 ## - TIPO DE CONTENIDO | |
| Término de tipo de contenido | texto |
| Código de tipo de contenido | txt |
| Fuente | rdacontendo |
| 337 ## - TIPO DE MEDIO | |
| Nombre del tipo de medio | unmediated |
| Código del tipo de medio | n |
| Fuente | rdamedia |
| 338 ## - TIPO DE SOPORTE | |
| Nombre del tipo de soporte | volumen |
| Código del tipo de soporte | nc |
| Fuente | rdasoporte |
| 600 ## - PUNTO DE ACCESO ADICIONAL DE MATERIA - NOMBRE DE PERSONA | |
| Nombre de persona | Claudio, Emperador de Roma, |
| Fechas asociadas al nombre | 10 a. de JC-54. |
| 650 17 - PUNTO DE ACCESO ADICIONAL DE MATERIA - TERMINO DE MATERIA | |
| Término de materia o nombre geográfico como elemento inicial | Novela histórica italiana. |
| Fuente del encabezamiento | BLAAUTO |
| 651 ## - PUNTO DE ACCESO ADICIONAL DE MATERIA - NOMBRE GEOGRAFICO | |
| Nombre geográfico | Roma |
| Subdivisión de materia general | Historia |
| Subdivisión cronológica | Siglo I |
| 700 ## - PUNTO DE ACCESO ADICIONAL - NOMBRE DE PERSONA | |
| Nombre de persona | Floreal, Mazía, |
| Término indicativo de función | traducción |
| 942 ## - ENTRADA DE ELEMENTOS AGREGADOS (KOHA) | |
| Koha [por defecto] tipo de item | LIbro |
| Fuente de clasificaión o esquema | Dewey Decimal Classification |
| Perdido | Fuente de clasificación o esquema | Estado Físico | No para préstamo | Forma de adquisición | Localización permanente | Localización actual | Localización en estanterías | Fecha adquisición | Signatura completa | Código de barras | Fecha última consulta | Número de copia | Fecha del precio de reemplazo | Tipo de item de Koha | Note pública |
|---|---|---|---|---|---|---|---|---|---|---|---|---|---|---|---|
| Dewey Decimal Classification | Sala General | Biblioteca Pública Departamental Eduardo Carranza - Villavicencio | Biblioteca Pública Departamental Eduardo Carranza - Villavicencio | Literatura | 08/02/2007 | N GRA3y | CG 923.137 - C51g | ECA17955 | 11/26/2024 | Ej.1 | 11/26/2024 | LIbro | 13117 | 17409 |